| 000 | 00704nam a22002177a 4500 | ||
|---|---|---|---|
| 999 |
_c14900 _d14900 |
||
| 003 | AR-CdUCM | ||
| 008 | 190425b ||||| |||| 00| 0 spa d | ||
| 020 | _a978-6121-46307-0-5 | ||
| 040 |
_aMUNICIPALIDAD PROVINCIAL DEL CUSCO _cBIBLIOTECA MUNICIPAL DEL CUSCO |
||
| 082 |
_aPI / 803 / _bES93 |
||
| 100 |
_aEstremadoyro, Maru _933863 |
||
| 245 |
_aCoqui : _bLa hormiga recolectora / |
||
| 260 |
_aLima : _bGraph Ediciones, _c2012. |
||
| 300 |
_a23 pƔginas ; _bilustraciones, _c14 cm. |
||
| 650 |
_aLiteratura infantil _9588 |
||
| 650 |
_aCuentos infantiles _93927 |
||
| 650 |
_aSiglo XXI _92856 |
||
| 700 |
_aSchwalb, Natalie (ilustración) _933864 |
||
| 942 |
_2ddc _cLIBROS |
||
| 945 |
_aachl _d2019-04-25 |
||